000 00412nam a22001457a 4500
003 OSt
005 20211123115053.0
008 211123b ||||| |||| 00| 0 eng d
040 _cAIMIT LIBRARY
100 _aKalmanker, Suraj Ramnath; B L Srinivas.
_d191915
_910774
245 _aYour legal consultant.
260 _aHaztech Pvt Ltd., Goa.
_bSrinivas B L.
_c2021
856 _3www.haztech.in
942 _2ddc
_cPRO
999 _c220729
_d220729